| 000 -LEADER |
| fixed length control field |
01085nam a22003617a 4500 |
| 001 - CONTROL NUMBER |
| control field |
908337040 |
| 003 - CONTROL NUMBER IDENTIFIER |
| control field |
OCoLC |
| 005 - DATE AND TIME OF LATEST TRANSACTION |
| control field |
20210419080657.0 |
| 006 - FIXED-LENGTH DATA ELEMENTS--ADDITIONAL MATERIAL CHARACTERISTICS |
| fixed length control field |
m o d |
| 007 - PHYSICAL DESCRIPTION FIXED FIELD--GENERAL INFORMATION |
| fixed length control field |
cr cnu---unuuu |
| 008 - FIXED-LENGTH DATA ELEMENTS--GENERAL INFORMATION |
| fixed length control field |
150504s2016 paua o 000 0 eng d |
| 020 ## - INTERNATIONAL STANDARD BOOK NUMBER |
| International Standard Book Number |
9781455770052 |
| 035 ## - SYSTEM CONTROL NUMBER |
| System control number |
(OCoLC)908337040 |
| 040 ## - CATALOGING SOURCE |
| Original cataloging agency |
OPELS |
| Language of cataloging |
eng |
| Description conventions |
rda |
| -- |
pn |
| Transcribing agency |
OPELS |
| 041 ## - LANGUAGE CODE |
| Language code of text/sound track or separate title |
eng |
| 049 ## - LOCAL HOLDINGS (OCLC) |
| Holding library |
YYEA |
| 080 ## - UNIVERSAL DECIMAL CLASSIFICATION NUMBER |
| Universal Decimal Classification number |
612 |
| Item number |
H-19 |
| 096 ## - LOCALLY ASSIGNED NLM-TYPE CALL NUMBER (OCLC) |
| Classification number |
QT 4 H174g 2016 |
| 100 1# - MAIN ENTRY--PERSONAL NAME |
| Personal name |
Hall, John E. |
| Fuller form of name |
(John Edward), |
| Dates associated with a name |
1946- |
| 245 10 - TITLE STATEMENT |
| Title |
Guyton and Hall textbook of medical physiology / |
| Statement of responsibility, etc. |
John E. Hall. |
| 246 3# - VARYING FORM OF TITLE |
| Title proper/short title |
Textbook of medical physiology. |
| 250 ## - EDITION STATEMENT |
| Edition statement |
13th ed. |
| 260 ## - PUBLICATION, DISTRIBUTION, ETC. |
| Place of publication, distribution, etc. |
[Philadelphia, PA] : |
| Name of publisher, distributor, etc. |
Saunders, Elsevier |
| Date of publication, distribution, etc. |
[2016] |
| 300 ## - PHYSICAL DESCRIPTION |
| Extent |
1 online resource : 1145 p. |
| Other physical details |
illustrations (some color) |
| 588 0# - SOURCE OF DESCRIPTION NOTE |
| Source of description note |
Print version record. |
| 590 ## - LOCAL NOTE (RLIN) |
| Local note |
c.1 10069367 Ritt 6/8/15 $124.99. |
| 650 #2 - SUBJECT ADDED ENTRY--TOPICAL TERM |
| Topical term or geographic name entry element |
Physiological Phenomena. |
| 650 #0 - SUBJECT ADDED ENTRY--TOPICAL TERM |
| Topical term or geographic name entry element |
Physiology |
| 9 (RLIN) |
129 |
| 650 #0 - SUBJECT ADDED ENTRY--TOPICAL TERM |
| Topical term or geographic name entry element |
Medicine |
| 9 (RLIN) |
69 |
| 653 ## - INDEX TERM--UNCONTROLLED |
| Uncontrolled term |
ფიზიოლოგია |
| 653 ## - INDEX TERM--UNCONTROLLED |
| Uncontrolled term |
მედიცინა |
| 942 ## - ADDED ENTRY ELEMENTS (KOHA) |
| Source of classification or shelving scheme |
|
| Koha item type |
Books |
| Edition |
13 |